000 00920cam a22002655a 4500
001 17989264
005 20151019103048.0
008 140103t2014 paua frbd 001 0 eng d
020 _a9780803639713 (pbk.)
040 _aDNLM/DLC
_beng
_cDLC
_dDLC
_dEG-ScBUE
_dEG-ScBUE
082 0 4 _a610.14
_bGYL
_222
100 1 _aGylys, Barbara A.
_938513
245 1 0 _aMedical terminology simplified :
_ba programmed learning approach by body system /
_cBarbara A. Gylys, Regina M. Masters.
250 _a5th ed.
260 _aPhiladelphia :
_bF. A. Davis Company,
_cc.2014.
300 _axxv, 645 p. :
_bill. (col.) ;
_c28 cm.
500 _aIndex : p. 633-645.
500 _aIncludes Glossaries.
504 _aIncludes bibliographical references.
650 0 _aMedicine
_vTerminology
_2BUEsh
651 _2BUEsh
653 _bPPhrm
_cJuly2015
_cOctober2015
700 1 _aMasters, Regina M.,
_d1959-
942 _2ddc
_k610.14 GYL
999 _c20187
_d20159